03846cam a22003255a 45000010009000000050017000090080041000260200018000670400028000850820019001131000026001322450088001582600043002463000035002894900026003245000024003505050960003745201616013346500037029506500030029876500039030176510010030566530024030667760119030908560084032099060045032939420008033389990017033469520157033631832682620201128023920.0141006s2014 nju 000 0 eng  a9781118711941 aDLCbengcDLCdEG-ScBUE04a332.6222bSHA1 aShahidi, Alex.93624110aBalanced asset allocation :bhow to profit in any economic climate /cAlex Shahidi. aHoboken :bJohn Wiley & Sons,cc.2015. axiii, 209 p. :bill. ;c24 cm.0 aWiley finance series. aIndex : p. 199-209.8 aMachine generated contents note: Acknowledgments About the Author Introduction Chapter One - The Economic Machine: Why Being Balanced is So Important Today Chapter Two - Your Portfolio is NOT Well-Balanced Chapter Three - The Fundamental Drivers of Asset Class Returns Chapter Four - Viewing Stocks through a Balanced Portfolio Lens Chapter Five - The High Value of Low Yielding Treasuries within the Balanced Portfolio Framework Chapter Six - Why TIPS are Critical to Maintaining Balance (Despite its Low Yield) Chapter Seven - Owning Commodities in a Balanced Portfolio Chapter Eight - Even More Balance: Introduction to Other Asset Classes Chapter Nine - How to Build a Balanced Portfolio: Conceptual Framework Chapter Ten - How to Build a Balanced Portfolio: Step-By-Step Process Chapter Eleven - The Balanced Portfolio: Historical Returns Chapter Twelve - Implementation Strategies: Putting Theory into Practice Chapter Thirteen - Conclusion Index . a"Presenting an optimized, balance asset allocation approach to investment portfoliosManaging an investment portfolio can be rewarding and profitable, but those without experience in various economic climates can make key mistakes that can expose them to undue risk. Merrill Lynch investment consultant Alex Shahidi puts his 13 years of experience to work in this resource that helps investors maximize returns while minimizing risk with a balanced asset allocation portfolio. With Balanced Asset Allocation: How to Profit in Any Economic Climate, Shahidi shows the individual investor how to reduce risk and capably adjust to changing macroeconomic conditions.In the investment world, "conventional wisdom" is a concept that can get individual investors into trouble. Author Alex Shahidi introduces the notion of the "e-Balanced" portfolio to the investor trying to combine greater stability, increased returns, and adequate downside risk mitigation within the context of a truly well-balanced portfolio. Provides concepts and approaches developed by a top-ranked investment consultant Proposes successful hedge fund approaches used by the author to generate profits Introduces the concept of the "e-Balanced" portfolio to minimize exposure to stock fluctuations Contains information to deftly navigate volatile markets using proven macroeconomic principles For those who want to manage their personal investment portfolio but need an asset allocation primer, Balanced Asset Allocation: How to Profit in Any Economic Climate provides an in-depth treatment of the topic that can be put to use immediately"-- 7aFinance, Personal.2BUEsh922964 7aInvestments.2BUEsh99026 7aPortfolio management.2BUEsh92032 2BUEsh bBUSADMcOctober201608iOnline version:aShahidi, Alex.tBalanced asset allocationdHoboken : Wiley, 2014z9781118712177w(DLC) 2014044303423Cover imageuhttp://catalogimages.wiley.com/images/db/jimages/9781118711941.jpg a7bcbccorignewd1eecipf20gy-gencatlg 2ddc c22738d22710 00102ddc40708AcademicaMAINbMAINc1STd2016-10-20ePurchaseg546.00h9154l2m21o332.6 SHAp000034346r2025-07-15 00:00:00s2020-07-22v682.50yBB